000 00657nam a2200229 a 4500
001 70195
003 BD-RjUL
005 20211209081956.0
008 170416s1964 nyua b 001 0 eng
035 _a(BD-RjUL)70408
040 _aDLC
_cDLC
_dBD-RjUL
_beng
041 _aeng
082 0 0 _a515.8
_223
_bBAE 1964
100 1 _aBartle, Robert Gardner,
_d1927-
_9151798
245 1 4 _aThe elements of real analysis /
_cRobert G. Bartle.
260 _aNew York :
_bWiley,
_c1964.
300 _axiv, 447 p. :
_bill. ;
_c24 cm.
504 _aIncludes index and bibliography
650 0 _aMathematical analysis.
_9207885
942 _2ddc
_cBK
999 _c70195
_d70195